| 000 | 00653nam a2200193Ia 4500 | ||
|---|---|---|---|
| 003 | LDD | ||
| 008 | 190117s9999 xx 000 0 und d | ||
| 020 | _c₹80 | ||
| 040 | _cLDD | ||
| 041 | _ahi | ||
| 082 | _a8H0.1 आ4804 | ||
| 100 | _aविनय | ||
| 245 | 0 |
_aआधुनिक हिन्दी कहानी संकलन _cविनय |
|
| 260 |
_aदिल्ली _bदीर्घा साहित्य संस्थान _c1991 |
||
| 300 | _a150पृ. | ||
| 901 | _aVANI | ||
| 904 | _aReqst by : रीता रानी पालीवाल | ||
| 942 |
_2ddc _cH |
||
| 999 |
_c170072 _d170072 |
||